Africa A-Z - Statistics

General Stats
  • This quiz has been taken 46,771 times
  • The average score is 19 of 26
Answer Stats
Clue Answer % Correct
E Largest animal Elephant
97%
N Longest river Nile
97%
K Country with the most elite marathoners Kenya
94%
G Country between Togo and the Ivory Coast Ghana
93%
D Small country near Ethiopia Djibouti
92%
J Biggest city in South Africa Johannesburg
92%
O Term for a wet area in a desert Oasis
91%
A Language of South Africa that came from Dutch Afrikaans
90%
C ____ of Good Hope Cape
89%
F Official language of 28 countries French
89%
H Swahili phrase that means "no worries" {Hakuna} Matata
87%
V Largest lake by surface area Victoria
87%
P Ramses or Tutankhamun, e.g. Pharaoh
84%
Z The D.R. Congo, formerly Zaire
79%
Q Nefertiti or Amanitore, e.g. Queen
78%
L Most populous urban area Lagos
77%
S Term for a dry grassland area Savannah
75%
T City in Mali that was once a center of learning and trade Timbuktu
63%
W Capital of Namibia Windhoek
57%
B Ethnic group of Morocco and Algeria Berber
53%
Y 95% of these tubers are grown in Africa Yams
50%
R Great ____ Valley Rift
42%
M Nomadic herding group of Kenya and Tanzania Maasai
41%
X Mandela's ethnic group Xhosa
38%
I Ancient Egyptian architect / physician Imhotep
23%
U Swahili for freedom and name for the peak of Kilimanjaro Uhuru
12%
No matching quizzes found
Score Distribution
Percent of People with Each Score
Percentile by Number Answered
Your Score History
You have not taken this quiz